000 00615nam a22001937a 4500
999 _c4335
_d4335
003 AR-CdUCM
008 190308b ||||| |||| 00| 0 spa d
040 _aMUNICIPALIDAD PROVINCIAL DEL CUSCO
_cBIBLIOTECA MUNICIPAL DEL CUSCO
082 _a927.985 /
_bAl51S
100 _aSeifert, Reinhard
_97052
245 _a40 pintores peruanos /
260 _aLima :
_bAníbal Cueva García,
_c2018.
300 _a263 páginas ;
_bilustraciones,
_c20 cm.
650 _aBiografías de pintores peruanos
_913701
650 _aTextos históricos
_913702
650 _aSiglo XIX-XX
_913703
942 _2ddc
_cLIBROS
945 _araen